Oeuvres poétiques (Record no. 57783)

MARC details
000 -LEADER
campo de control de longitud fija 00715nam a2200205 i 4500
001 - NÚMERO DE CONTROL
campo de control 57783
003 - IDENTIFICADOR DE NÚMERO DE CONTROL
campo de control ES-MaACL
005 - FECHA Y HORA DE LA ÚLTIMA TRANSACCIÓN
campo de control 20230906163640.0
007 - CAMPO FIJO DE DESCRIPCIÓN FÍSICA--INFORMACIÓN GENERAL
campo de control de longitud fija t|
008 - DATOS DE LONGITUD FIJA--INFORMACIÓN GENERAL
campo de control de longitud fija 031017s1908 fr ||||1| fre d
100 1# - ENTRADA PRINCIPAL--NOMBRE DE PERSONA
Nombre de persona Du Bellay, Joachim.
9 (RLIN) 45692
245 10 - MENCIÓN DEL TÍTULO
Título Oeuvres poétiques
Resto del título : recueils de sonnets /
Mención de responsabilidad, etc. Joachim Du Bellay ; edition critique publiée par Henri Chamard.
260 ## - PUBLICACIÓN, DISTRIBUCIÓN, ETC.
Lugar de publicación, distribución, etc. Paris :
Nombre del editor, distribuidor, etc. Edouard Cornély et Cie,
Fecha de publicación, distribución, etc. 1908 (
Lugar de fabricación/manufactura Maçon :
Fabricante Protat Frères)
300 ## - DESCRIPCIÓN FÍSICA
Extensión XIV, 150 p. ;
Dimensiones 19 cm.
490 1# - MENCIÓN DE SERIE
Mención de serie Société des textes français. Modernes
700 1# - ENTRADA AGREGADA--NOMBRE PERSONAL
Nombre de persona Chamard, Henri.
9 (RLIN) 37840
830 0# - PUNTO DE ACCESO ADICIONAL DE SERIE-TÍTULO UNIFORME
Título uniforme Société des textes français. Modernes
9 (RLIN) 230447
852 ## - LOCALIZACIÓN
Ubicación ES-MaACL
Número de control de estantería B-13239
Holdings
Estatus retirado Estado de pérdida Estado de daño No para préstamo Biblioteca de origen Biblioteca actual Ubicación en estantería Fecha de adquisición Fuente de adquisición Total de préstamos Signatura topográfica completa Código de barras Visto por última vez Precio de reemplazo Tipo de ítem Koha
        Biblioteca del Ateneo de Madrid Biblioteca del Ateneo de Madrid Sala Pardo Bazán 17/01/2008     B-13239 1060652 23/02/2023 23/02/2023 Libro impreso